[Event "American Continental"]
[Site "Buenos Aires ARG"]
[Date "2005.08.08"]
[Round "3"]
[White "Flores,Di"]
[Black "Arambel,S"]
[Result "1-0"]
[WhiteElo "2513"]
[BlackElo "2295"]
[EventDate "2005.08.06"]

1. Nf3 c5 2. c4 g6 3. g3 Bg7 4. Bg2 Nc6 5. Nc3 d6 6. O-O e5 7. a3 Nge7 8.
b4 e4 9. Ne1 f5 10. Bb2 cxb4 11. axb4 Nxb4 12. Qb3 Nbc6 13. Nxe4 Nd4 14.
Bxd4 Bxd4 15. Nc3 Bxc3 16. Qxc3 Kf7 17. Nd3 Re8 18. Rfb1 Qc7 19. Nf4 a5 20.
Ra3 Ra7 21. Nd5 Nxd5 22. Bxd5+ Be6 23. Bxe6+ Rxe6 24. Qh8 Re7 25. Re3 h5
26. c5 Ra6 27. Rxe7+ Qxe7 28. Rxb7 1-0

[Event "American Continental"]
[Site "Buenos Aires ARG"]
[Date "2005.08.08"]
[Round "3"]
[White "Chemin,J"]
[Black "Valerga,D"]
[Result "1/2-1/2"]
[WhiteElo "2296"]
[BlackElo "2499"]
[EventDate "2005.08.06"]

1. d4 Nf6 2. Nf3 d6 3. g3 g6 4. Bg2 Bg7 5. O-O O-O 6. Nc3 c6 7. h3 Qc7 8.
e4 e5 9. Be3 Re8 10. Qd2 b5 11. a3 Bb7 12. Rfe1 Nbd7 13. Rad1 Nb6 14. b3
Nbd7 15. dxe5 dxe5 16. Bg5 Nc5 17. Qd6 Qxd6 18. Rxd6 Ne6 19. Bc1 Nh5 20.
Rd7 Bc8 21. Rd6 Bf8 22. Rdd1 f6 23. Ne2 a5 24. Bb2 Bb7 25. Nh2 Red8 26. Ng4
Kf7 27. f4 exf4 28. gxf4 Nexf4 29. Nxf4 Nxf4 30. Nxf6 Nxg2 31. Kxg2 h6 32.
e5 Ke6 33. Kg3 c5 34. h4 Bc6 35. c4 bxc4 36. bxc4 Rdb8 37. Nd5 Rxb2 38.
Nc7+ Ke7 39. Nxa8 Bxa8 40. Rd6 Bg7 41. Ra6 Bb7 42. Rxa5 Ke6 43. Rxc5 g5 44.
hxg5 hxg5 45. Kg4 Bf8 1/2-1/2

[Event "American Continental"]
[Site "Buenos Aires ARG"]
[Date "2005.08.08"]
[Round "3"]
[White "Ripari,M"]
[Black "Vera,R"]
[Result "1/2-1/2"]
[WhiteElo "2295"]
[BlackElo "2490"]
[EventDate "2005.08.06"]

1. e4 c5 2. Nf3 e6 3. c4 Nc6 4. Nc3 Nf6 5. Be2 b6 6. O-O Bb7 7. b3 Qb8 8.
Bb2 Bd6 9. Nb5 Nxe4 10. Nxd6+ Qxd6 11. d4 cxd4 12. Nxd4 Nxd4 13. Qxd4 Qxd4
14. Bxd4 O-O 15. f3 Nf6 16. a4 d5 17. a5 dxc4 18. Bxc4 Nd5 19. Bxd5 Bxd5
20. axb6 axb6 21. Bxb6 Bxb3 22. Rxa8 Rxa8 23. Rb1 Bc2 24. Rb2 Bf5 25. Ba7
h5 26. Rb8+ Rxb8 27. Bxb8 g5 28. Kf2 Kg7 29. g3 Kf6 30. Ke3 e5 31. Bc7 Ke6
32. Bd8 f6 33. Ba5 Bg6 34. Bd8 Be8 35. h3 Bb5 36. Kf2 Kf5 37. Ba5 Kg6 38.
Bd8 Bd7 39. g4 f5 40. Bc7 1/2-1/2

[Event "American Continental"]
[Site "Buenos Aires ARG"]
[Date "2005.08.08"]
[Round "3"]
[White "Farfan Ortiz,A"]
[Black "Zugic,I"]
[Result "0-1"]
[WhiteElo "2285"]
[BlackElo "2474"]
[EventDate "2005.08.06"]

1. e4 c5 2. Nf3 d6 3. d4 cxd4 4. Nxd4 Nf6 5. Nc3 Bd7 6. Bc4 e6 7. Be3 Nc6
8. f3 a6 9. g4 h6 10. Qd2 Ne5 11. Bd3 b5 12. O-O-O b4 13. Nce2 Qa5 14. Kb1
d5 15. Ng3 Qc7 16. h4 Nxf3 17. Nxf3 Qxg3 18. e5 Qxf3 19. exf6 Qxf6 20. g5
Qe7 21. Bd4 Bb5 22. Rhf1 Bxd3 23. cxd3 hxg5 24. hxg5 Rh5 25. Qc2 Qd7 26. g6
fxg6 27. Qg2 Rf5 28. Rxf5 gxf5 29. Rc1 Kf7 30. Qg5 Rc8 31. Qh5+ Kg8 32. Rh1
Qe8 33. Qh7+ Kf7 34. Rg1 Ke7 35. Bxg7 Bxg7 36. Rxg7+ Kd6 37. Qh2+ Kc6 38.
Qe5 a5 39. b3 Kb5 40. Rb7+ Ka6 41. Rc7 Rxc7 42. Qxc7 d4 43. Qd6+ Kb7 44.
Qxd4 Qc6 45. Qd8 Qd5 46. Qe7+ Kb6 47. d4 f4 48. Qf6 Qf5+ 0-1

[Event "American Continental"]
[Site "Buenos Aires ARG"]
[Date "2005.08.08"]
[Round "3"]
[White "Soppe,G"]
[Black "Giampa,A"]
[Result "1/2-1/2"]
[WhiteElo "2432"]
[BlackElo "2243"]
[EventDate "2005.08.06"]

1. Nf3 c5 2. c4 g6 3. Nc3 Bg7 4. e3 Nf6 5. d4 O-O 6. dxc5 Na6 7. Nd4 Nxc5
8. b4 Ne6 9. Nxe6 fxe6 10. Bd2 a5 11. b5 b6 12. Bd3 Bb7 13. O-O d5 14. Rc1
Nd7 15. Be2 Ne5 16. cxd5 exd5 17. Qb3 Rc8 18. Rfd1 Kh8 19. Na4 Qd6 20. Bc3
Nd7 21. Bxg7+ Kxg7 22. Rxc8 Rxc8 23. h3 Qf6 24. Bf3 e6 25. e4 Ne5 26. Nxb6
Rd8 27. Na4 dxe4 28. Rxd8 Qxd8 1/2-1/2

[Event "American Continental"]
[Site "Buenos Aires ARG"]
[Date "2005.08.08"]
[Round "3"]
[White "Lemos,D"]
[Black "Liascovich,L"]
[Result "1/2-1/2"]
[WhiteElo "2284"]
[BlackElo "2432"]
[EventDate "2005.08.06"]

1. d4 Nf6 2. c4 g6 3. Nc3 d5 4. Nf3 Bg7 5. Bg5 Ne4 6. cxd5 Nxg5 7. Nxg5 e6
8. Nf3 exd5 9. e3 O-O 10. b4 c6 11. Be2 Be6 12. O-O Nd7 13. b5 c5 14. Rc1
Qa5 15. Qa4 Qxa4 16. Nxa4 c4 17. Ng5 a6 18. Nxe6 fxe6 19. Nc3 Kf7 20. bxa6
Rxa6 21. Rb1 b6 22. a4 Ke7 23. Rfd1 Rd8 24. e4 Nf6 25. exd5 Nxd5 26. Bxc4
Nxc3 27. Bxa6 Bxd4 28. Kf1 Nxb1 29. Rxb1 Ra8 30. Bb5 Rc8 31. Rd1 e5 32. Rd2
Kd6 33. Ke2 Kd5 1/2-1/2

[Event "American Continental"]
[Site "Buenos Aires ARG"]
[Date "2005.08.08"]
[Round "3"]
[White "Blit,J"]
[Black "Leon Hoyos,M"]
[Result "0-1"]
[WhiteElo "2278"]
[BlackElo "2431"]
[EventDate "2005.08.06"]

1. e4 d5 2. exd5 Qxd5 3. Nc3 Qa5 4. d4 c6 5. Nf3 Nf6 6. Bc4 Bf5 7. Ne5 e6
8. g4 Bg6 9. Qe2 Nbd7 10. Bd2 Bb4 11. O-O-O Nxe5 12. dxe5 Nd5 13. Bxd5 cxd5
14. Qb5+ Qxb5 15. Nxb5 Rc8 16. c3 Bc5 17. Be3 Bxe3+ 18. fxe3 Ke7 19. g5 h6
20. h4 hxg5 21. hxg5 Be4 22. Rhf1 Bg6 23. Rf2 Rh5 24. Rg1 Rch8 25. Kd2 a6
26. Nd4 Rh1 27. Rxh1 Rxh1 28. Rg2 Rb1 29. Rg3 Rxb2+ 30. Kc1 Rb1+ 31. Kd2
Rb2+ 32. Kc1 Rxa2 33. Rh3 Rg2 34. Rh8 Rxg5 35. Rb8 Rxe5 36. Rxb7+ Kf6 37.
Kd2 Rg5 38. Rb6 Rg2+ 39. Ke1 Ra2 0-1

[Event "American Continental"]
[Site "Buenos Aires ARG"]
[Date "2005.08.08"]
[Round "3"]
[White "Patriarca,L"]
[Black "Zambrana,O"]
[Result "0-1"]
[WhiteElo "2266"]
[BlackElo "2421"]
[EventDate "2005.08.06"]

1. c4 g6 2. Nc3 Bg7 3. Qc2 e5 4. g3 d6 5. Bg2 f5 6. d3 Nf6 7. e3 O-O 8.
Nge2 c6 9. O-O a5 10. Rb1 Be6 11. b3 Na6 12. a3 Qe7 13. f4 Bf7 14. h3 Rac8
15. e4 exf4 16. Bxf4 fxe4 17. dxe4 Nc5 18. Rbd1 Rcd8 19. g4 Rfe8 20. Rfe1
Nfxe4 21. Nxe4 Nxe4 22. Ng3 d5 23. cxd5 cxd5 24. Nxe4 dxe4 25. Rxd8 Qxd8
26. Rxe4 Rxe4 27. Bxe4 Qd4+ 28. Kg2 Bf8 29. Bc7 Bc5 30. Bxb7 Qg1+ 31. Kf3
Qe3+ 32. Kg2 Bxb3 33. Qb2 Qg1+ 34. Kf3 Bd1+ 35. Ke4 Qe3+ 36. Kd5 Bb3+ 37.
Kc6 Bd4 38. Qg2 Qe8+ 0-1

[Event "American Continental"]
[Site "Buenos Aires ARG"]
[Date "2005.08.08"]
[Round "3"]
[White "Alzate,D"]
[Black "Rodi,L"]
[Result "1/2-1/2"]
[WhiteElo "2415"]
[BlackElo "2242"]
[EventDate "2005.08.06"]

1. d4 f5 2. Bg5 h6 3. Bh4 g5 4. e4 Rh7 5. Qh5+ Rf7 6. Bxg5 hxg5 7. Nf3 Nf6
8. Qg6 Nxe4 9. Ne5 Nd6 10. Be2 e6 11. Bh5 Qe7 12. Qg8 Qf6 13. Nd2 Qg7 14.
Nxf7 Nxf7 15. Bxf7+ Qxf7 16. Qxg5 Nc6 17. Nf3 d6 18. O-O-O Bd7 19. d5 Ne7
20. dxe6 Bxe6 21. Rhe1 O-O-O 22. Qe3 Bd5 23. Qxa7 Bxf3 24. gxf3 Nc6 25.
Qa8+ Kd7 26. Qa4 Re8 27. Kb1 Bg7 28. Rxe8 Qxe8 29. Qb5 Qh5 30. Rg1 Bf6 31.
f4 Kc8 32. Qd5 Kb8 33. Rg8+ Bd8 34. b4 Qe2 35. b5 Ka7 36. c3 Bf6 37. bxc6
Bxc3 38. Qb3 Qe1+ 39. Kc2 Qd2+ 40. Kb1 Qe1+ 41. Kc2 Qd2+ 1/2-1/2

[Event "American Continental"]
[Site "Buenos Aires ARG"]
[Date "2005.08.08"]
[Round "3"]
[White "Bitelmajer,M"]
[Black "Monier,R"]
[Result "0-1"]
[WhiteElo "2243"]
[BlackElo "2412"]
[EventDate "2005.08.06"]

1. d4 Nf6 2. c4 e6 3. g3 Bb4+ 4. Bd2 Qe7 5. Bg2 Nc6 6. Nf3 Bxd2+ 7. Nbxd2
d6 8. e4 e5 9. d5 Nb8 10. O-O O-O 11. Ne1 a5 12. Nd3 Na6 13. f4 Nd7 14. f5
Ndc5 15. Nf2 Bd7 16. Ng4 f6 17. h4 c6 18. Ne3 Nc7 19. g4 cxd5 20. cxd5 Nb5
21. Rf3 Nd4 22. Rg3 Nd3 23. Nb3 Nf4 24. Bf1 Ba4 25. g5 b5 26. Nc2 Nxc2 27.
Qxc2 Rfc8 28. Qd2 b4 29. Rc1 Kh8 30. Kh1 Rxc1 31. Nxc1 Rc8 32. b3 Be8 33.
Bc4 Bh5 34. Qe3 Qc7 35. Qf2 Qc5 36. Qxc5 Rxc5 37. Kg1 Rc7 38. Kf2 g6 39.
Ke3 gxf5 40. exf5 Bf7 41. Ke4 Rc5 42. gxf6 Nxd5 43. Kf3 Bh5+ 44. Kf2 Nxf6
45. Nd3 Rc7 46. Ke1 Bf7 47. Bb5 Ne4 48. Rg2 Bd5 49. Rg4 Rf7 0-1

[Event "American Continental"]
[Site "Buenos Aires ARG"]
[Date "2005.08.08"]
[Round "3"]
[White "Real de Azua,E"]
[Black "Zukerfeld,A"]
[Result "1-0"]
[WhiteElo "2386"]
[BlackElo "2237"]
[EventDate "2005.08.06"]

1. e4 c5 2. Nf3 d6 3. Bb5+ Nd7 4. c3 Ngf6 5. Qe2 a6 6. Ba4 e5 7. O-O b5 8.
Bc2 Be7 9. d4 O-O 10. Rd1 Qc7 11. a4 Bb7 12. dxe5 dxe5 13. axb5 axb5 14.
Rxa8 Rxa8 15. Na3 b4 16. Nc4 bxc3 17. bxc3 Ra2 18. Bb2 Ba6 19. Bb3 Ra5 20.
Qc2 Rb5 21. Ba2 h6 22. Nfd2 Qb8 23. Qc1 Bb7 24. Ne3 Qa8 25. f3 Ra5 26. Bb3
Bc6 27. Ndc4 Ra6 28. Nf5 Bf8 29. Ncd6 Bxd6 30. Nxd6 Ba4 31. Bxf7+ Kf8 32.
Bb3 Qb8 33. Bxa4 Rxd6 34. Rxd6 Qxd6 35. Qd1 Qc7 36. Bb5 c4 37. Ba3+ Kg8 38.
Qd6 Qa7+ 39. Kf1 Qe3 40. Bxc4+ Kh7 41. Qd3 Qa7 42. Bc1 Qa1 43. Qc2 Nb6 44.
Bb3 Nfd7 45. Kf2 Qa5 46. Be3 Nc5 47. g3 Qb5 48. Bxc5 Qxc5+ 49. Kg2 Nd7 50.
Be6 Nf6 51. Qd2 Qe7 52. Bd5 Qc5 53. h4 Qb6 54. c4 Qc5 55. Qf2 Nd7 56. Qxc5
Nxc5 57. f4 Kg6 58. fxe5 Nd3 59. e6 Kf6 60. Kf3 g5 61. hxg5+ hxg5 62. Ke3
Nc5 63. Kd4 Nb3+ 64. Kc3 Nc5 65. e5+ Ke7 66. Kd4 Nb3+ 67. Ke4 1-0

[Event "American Continental"]
[Site "Buenos Aires ARG"]
[Date "2005.08.08"]
[Round "3"]
[White "Labollita,M"]
[Black "Tristan,L"]
[Result "1-0"]
[WhiteElo "2383"]
[BlackElo "2225"]
[EventDate "2005.08.06"]

1. e4 g6 2. d4 Bg7 3. c4 d6 4. Nf3 Bg4 5. Be2 e5 6. d5 Ne7 7. Nc3 O-O 8. h3
Bxf3 9. Bxf3 f5 10. g4 Nd7 11. gxf5 gxf5 12. Rg1 Kh8 13. Be3 f4 14. Bd2 Nc5
15. Qe2 a5 16. h4 c6 17. h5 cxd5 18. cxd5 Rb8 19. Nb5 Rg8 20. O-O-O Qb6 21.
Kb1 Bf6 22. Rgf1 Nc8 23. Rc1 Ra8 24. Qc4 Be7 25. Nd4 Na7 26. Nf5 Nb5 27.
Ka1 a4 28. Bb4 Rgc8 29. Kb1 Bf6 30. Be2 Nd4 31. Nxd4 exd4 32. Bg4 Rc7 33.
Ba3 Ra5 34. e5 Bxe5 35. Rfe1 Bf6 36. Re8+ Kg7 37. h6+ Kg6 38. Bxc5 Raxc5
39. Qd3+ 1-0

[Event "American Continental"]
[Site "Buenos Aires ARG"]
[Date "2005.08.08"]
[Round "3"]
[White "Scarella,E"]
[Black "Goldwaser,C"]
[Result "1/2-1/2"]
[WhiteElo "2367"]
[BlackElo "2180"]
[EventDate "2005.08.06"]

1. d4 Nf6 2. Nf3 g6 3. g3 Bg7 4. Bg2 O-O 5. O-O d6 6. Re1 Nbd7 7. e4 e5 8.
Nc3 c6 9. h3 Qc7 10. a4 a5 11. Bg5 h6 12. Be3 Re8 13. Qd2 Kh7 14. Rad1 Bf8
15. b3 b6 16. Nh2 Bb7 17. f4 Rad8 18. g4 Bg7 19. Nf3 exd4 20. Nxd4 Nc5 21.
Bf2 d5 22. exd5 Rxe1+ 23. Rxe1 Nxd5 24. Ncb5 Qd7 25. Bh4 1/2-1/2

[Event "American Continental"]
[Site "Buenos Aires ARG"]
[Date "2005.08.08"]
[Round "3"]
[White "Zapata,Marc"]
[Black "Zapata,K"]
[Result "1/2-1/2"]
[WhiteElo "2353"]
[BlackElo "2156"]
[EventDate "2005.08.06"]

1. e4 d6 2. d4 Nf6 3. Nc3 g6 4. Be3 Bg7 5. Qd2 c6 6. a4 Nbd7 7. f3 O-O 8.
h4 h5 9. Bc4 d5 10. exd5 Nb6 11. Bb3 Nbxd5 12. Bh6 Nxc3 13. Bxg7 Kxg7 14.
Qxc3 Nd5 15. Qd2 Qd6 16. Ne2 a5 17. O-O-O b5 18. Nc3 Nxc3 19. Qxc3 Qf6 20.
Qe3 Rb8 21. Rhe1 Rb7 22. Qe5 Rd8 23. c3 Bf5 24. axb5 cxb5 25. Qxf6+ Kxf6
26. Re5 a4 27. Bc2 b4 28. Ra5 bxc3 29. bxc3 Bxc2 30. Kxc2 Rdb8 31. Ra6+ Kg7
32. Rd2 Rb2+ 33. Kd3 Rxd2+ 34. Kxd2 Rb2+ 35. Kd3 Rxg2 36. Rxa4 Rh2 37. d5
f6 38. Ra7 Kf8 39. c4 Rxh4 40. c5 Rh1 41. c6 Rc1 42. Ra8+ Kf7 43. Rh8 Kg7
44. Re8 Kf7 45. Rh8 Kg7 46. Re8 Kf7 1/2-1/2

[Event "American Continental"]
[Site "Buenos Aires ARG"]
[Date "2005.08.08"]
[Round "3"]
[White "Saladen,R"]
[Black "De Dovitiis,A"]
[Result "1-0"]
[WhiteElo "2229"]
[BlackElo "2345"]
[EventDate "2005.08.06"]

1. d4 Nf6 2. c4 e6 3. Nc3 Bb4 4. Qc2 O-O 5. Nf3 c5 6. a3 Bxc3+ 7. Qxc3 b6
8. Bg5 Bb7 9. Rd1 Ne4 10. Qe3 f6 11. Bh4 g5 12. Bg3 f5 13. d5 exd5 14. cxd5
Re8 15. Be5 d6 16. Bc3 f4 17. Qc1 Nd7 18. h4 Nxc3 19. Qxc3 g4 20. Ng5 Qf6
21. Ne6 Ne5 22. Nc7 Qf7 23. Nxa8 Bxa8 24. e4 fxe3 25. fxe3 g3 26. Be2 Qf2+
27. Kd2 Qxg2 28. e4 Ng6 29. Qf3 Qxf3 30. Bxf3 Rf8 31. Ke3 Ne5 32. Be2 Rf7
33. Rhg1 Rg7 34. Rdf1 Bb7 35. Rf6 Rg6 36. Rxg6+ hxg6 37. Rxg3 Kf7 38. h5
gxh5 39. Rh3 Bc8 40. Rxh5 Kg7 41. Rg5+ Kf8 42. Rh5 Kg7 43. Bb5 Bb7 44. Kf4
Ng6+ 45. Kg5 Ne5 46. Rh3 Bc8 47. Rg3 a6 48. Be8 b5 49. Bg6 Bd7 50. Bf5 Be8
51. Rh3 Nf7+ 52. Kf4 Ne5 53. Rh7+ Kf6 54. Rh6+ Bg6 55. Bxg6 Nxg6+ 56. Kg4
Kg7 57. Kg5 Ne5 58. Re6 Nf7+ 59. Kf5 a5 60. Re7 Kf8 61. Kf6 Ng5 62. e5 Ne4+
63. Ke6 dxe5 64. d6 c4 65. Rf7+ Kg8 66. Rc7 Ng5+ 67. Kf6 1-0

[Event "American Continental"]
[Site "Buenos Aires ARG"]
[Date "2005.08.08"]
[Round "3"]
[White "Bronstein,L"]
[Black "Ianovsky,M"]
[Result "1-0"]
[WhiteElo "2342"]
[BlackElo "2155"]
[EventDate "2005.08.06"]

1. e4 c5 2. Nf3 e6 3. Nc3 Nc6 4. Bb5 Nge7 5. O-O a6 6. Bxc6 Nxc6 7. d4 cxd4
8. Nxd4 d6 9. Re1 Be7 10. Nxc6 bxc6 11. Qg4 g6 12. Bh6 Rb8 13. b3 Qa5 14.
Qf3 e5 15. Na4 Rg8 16. Be3 Be6 17. Qe2 f6 18. Bd2 Qb5 19. c4 Qb7 20. f4 Qd7
21. h3 Bf7 22. Rad1 g5 23. f5 h5 24. Be3 Qb7 25. g3 g4 26. h4 Rd8 27. Nb6
Rb8 28. Rd3 Bd8 29. Na4 Bc7 30. Red1 Rd8 31. Qd2 Qb8 32. Qf2 d5 33. cxd5
cxd5 34. exd5 e4 35. Rd4 Bxg3 36. Rxe4+ Kf8 37. Bh6+ Rg7 38. Qb6 Qxb6+ 39.
Nxb6 Bc7 40. Nc4 1-0

[Event "American Continental"]
[Site "Buenos Aires ARG"]
[Date "2005.08.08"]
[Round "3"]
[White "Mekhitarian,K"]
[Black "Utman,C"]
[Result "1-0"]
[WhiteElo "2218"]
[BlackElo "2341"]
[EventDate "2005.08.06"]

1. e4 e5 2. Nf3 Nc6 3. Bb5 a6 4. Ba4 Nf6 5. O-O Be7 6. Re1 b5 7. Bb3 O-O 8.
h3 d6 9. c3 Na5 10. Bc2 c5 11. d4 Qc7 12. Nbd2 h6 13. Nf1 Re8 14. d5 Bf8
15. g4 g6 16. Ng3 Bg7 17. Nh2 Qe7 18. Kg2 Nd7 19. b3 Kh7 20. Nf3 Nb6 21. g5
hxg5 22. Nxg5+ Kg8 23. h4 Bf6 24. Be3 Kg7 25. Qd2 Rh8 26. Rh1 Bd7 27. Raf1
Raf8 28. Bd1 Bxg5 29. Bxg5 f6 30. Be3 Be8 31. h5 f5 32. Bg5 Qd7 33. h6+ Kh7
34. exf5 gxf5 35. f4 e4 36. c4 b4 37. Nh5 Bxh5 38. Bxh5 Nb7 39. Rfg1 Rhg8
40. Kf1 a5 41. Qb2 a4 42. Qg7+ Rxg7 43. hxg7 Kg8 44. gxf8=Q+ Kxf8 45. Bh6+
Ke7 46. Rg8 Qc8 47. Bg5+ Kd7 48. Rg7+ 1-0

[Event "American Continental"]
[Site "Buenos Aires ARG"]
[Date "2005.08.08"]
[Round "3"]
[White "Perez Cascella,J"]
[Black "Fierro Baquero,M"]
[Result "1-0"]
[WhiteElo "2209"]
[BlackElo "2340"]
[EventDate "2005.08.06"]

1. c4 g6 2. Nc3 Bg7 3. g3 Nf6 4. Bg2 O-O 5. d3 c5 6. e4 Nc6 7. Nge2 a6 8.
f4 d6 9. O-O Rb8 10. h3 Ne8 11. g4 b5 12. Rb1 Nc7 13. f5 Ne5 14. b3 e6 15.
Be3 Re8 16. Qd2 Qe7 17. Bg5 f6 18. Bf4 b4 19. Nd1 exf5 20. gxf5 gxf5 21.
Ng3 fxe4 22. dxe4 Be6 23. Ne3 Ra8 24. Rbd1 Qd7 25. Nef5 Kh8 26. Qxd6 Qxd6
27. Nxd6 Rf8 28. Nb7 1-0

[Event "American Continental"]
[Site "Buenos Aires ARG"]
[Date "2005.08.08"]
[Round "3"]
[White "Bibiloni,J"]
[Black "Moreda,L"]
[Result "0-1"]
[WhiteElo "2178"]
[BlackElo "2329"]
[EventDate "2005.08.06"]

1. e4 c6 2. d4 d5 3. Nc3 dxe4 4. Nxe4 Nf6 5. Nxf6+ exf6 6. Nf3 Bd6 7. Be3
O-O 8. Qd2 Qc7 9. O-O-O Be6 10. Kb1 b5 11. Be2 Nd7 12. g4 Nb6 13. g5 f5 14.
Qa5 Bd5 15. h4 Rfe8 16. Ne5 Bxh1 17. Rxh1 Bxe5 18. dxe5 Qxe5 19. Bd3 Na4
20. Bc1 Nc5 21. Rh3 Nxd3 22. Rxd3 Qh2 23. a4 Qxf2 24. axb5 cxb5 25. h5 Rac8
26. Rd2 Qc5 27. h6 f4 28. hxg7 f3 29. b4 Qc3 30. g6 hxg6 31. Rh2 Re1 32.
Qxb5 Rxc1+ 33. Kxc1 Qa1+ 34. Kd2 Qd4+ 35. Qd3 Qf4+ 0-1

[Event "American Continental"]
[Site "Buenos Aires ARG"]
[Date "2005.08.08"]
[Round "3"]
[White "Pacheco,Dan"]
[Black "Elias,L"]
[Result "1-0"]
[WhiteElo "2324"]
[BlackElo "2061"]
[EventDate "2005.08.06"]

1. d4 Nf6 2. c4 c5 3. dxc5 e6 4. g3 Bxc5 5. Bg2 O-O 6. Nf3 d5 7. O-O Nc6 8.
a3 dxc4 9. Qc2 Ne5 10. b4 cxb3 11. Qxc5 Bd7 12. Bg5 Rc8 13. Qxa7 Bb5 14.
Bxf6 gxf6 15. Qe3 b2 16. Ra2 Qd5 17. Rxb2 Nc4 18. Qb3 Nxb2 19. Qxb2 Bc6 20.
Qxf6 Qd8 21. Qh6 f6 22. Nbd2 Ra8 23. Qe3 e5 24. Rb1 Qe7 25. Rb4 Kh8 26. Nh4
f5 27. Bxc6 bxc6 28. Qc3 Qf6 29. Rb6 Rac8 30. Nc4 e4 31. Qxf6+ Rxf6 32. a4
Kg8 33. a5 Kf8 34. a6 Ra8 35. Ne3 f4 36. Nd5 Rd6 37. Nxf4 1-0

[Event "American Continental"]
[Site "Buenos Aires ARG"]
[Date "2005.08.08"]
[Round "3"]
[White "Lafuente,P"]
[Black "Tenti,J"]
[Result "1-0"]
[WhiteElo "2435"]
[BlackElo "2153"]
[EventDate "2005.08.06"]

1. d4 d5 2. c4 c6 3. Nc3 Nf6 4. e3 a6 5. Qc2 g6 6. Nf3 Bg7 7. Bd3 O-O 8.
O-O Bg4 9. Ne5 Be6 10. c5 Nbd7 11. Nxd7 Qxd7 12. b4 Qc7 13. f4 Ng4 14. h3
Nh6 15. g4 f5 16. g5 Nf7 17. h4 h5 18. Bd2 Bd7 19. Na4 Rae8 20. Bc3 Nd8 21.
Nb6 Ne6 22. a4 Qd8 23. b5 cxb5 24. axb5 axb5 25. Nxd7 Qxd7 26. Ra5 Rb8 27.
Rxb5 Rfc8 28. Qb3 Nd8 29. Rb6 Rc6 30. Rb4 Qe6 31. Kf2 Ra8 32. Be2 Qf7 33.
Ra4 Rb8 34. Rb1 Kh7 35. Ra7 Rcc8 36. Qa3 Qe6 37. Bd3 Qd7 38. Rb6 Nc6 39.
Ra4 Qc7 40. Qb3 e6 41. Qb2 Qe7 42. Bb5 Nd8 43. Ra3 Ra8 44. Qa1 Rab8 45. Ra7
Qf8 46. Rd6 Rc7 47. Ra8 Rbc8 48. Rxc8 Rxc8 49. Qa7 Kh8 50. Bd7 Rc7 51. Qa5
Nc6 52. Bxc6 Rxc6 53. Rd8 1-0

[Event "American Continental"]
[Site "Buenos Aires ARG"]
[Date "2005.08.08"]
[Round "3"]
[White "Ronco,R"]
[Black "Avalos,J"]
[Result "1/2-1/2"]
[WhiteElo "2144"]
[BlackElo "2323"]
[EventDate "2005.08.06"]

1. Nf3 Nf6 2. c4 e6 3. Nc3 b6 4. g3 Bb7 5. Bg2 Be7 6. O-O c5 7. Re1 O-O 8.
e4 d6 9. d4 cxd4 10. Nxd4 Qc8 11. Be3 a6 12. Rc1 Nbd7 13. f4 Re8 14. g4 Nc5
15. Bf2 e5 16. Nf5 exf4 17. Nd5 Nxd5 18. cxd5 Qd8 19. e5 f3 20. Bxf3 dxe5
21. Rxe5 Bg5 22. Rxe8+ Qxe8 23. Rc4 Rd8 24. h4 Bf6 25. b4 Qb5 26. bxc5 Qxc4
27. Nd6 Rxd6 28. cxd6 Qb4 29. g5 Be5 30. d7 Qd6 31. Qe2 f6 32. gxf6 gxf6
33. Qc4 Qxd7 34. d6+ Kf8 35. Bxb7 Qxb7 36. Qe6 Qc6 37. Qe7+ Kg8 38. d7 Qc1+
39. Kg2 Qc6+ 40. Kg1 Qc1+ 1/2-1/2

[Event "American Continental"]
[Site "Buenos Aires ARG"]
[Date "2005.08.08"]
[Round "3"]
[White "Malajovich,S"]
[Black "Mazziotti Irigoyen,G"]
[Result "0-1"]
[WhiteElo "2126"]
[BlackElo "2293"]
[EventDate "2005.08.06"]

1. d4 d5 2. Nf3 Nf6 3. c4 dxc4 4. Qa4+ Nbd7 5. Qxc4 e6 6. g3 a6 7. a4 b6 8.
Bg2 Bb7 9. O-O c5 10. Nc3 Rc8 11. Rd1 cxd4 12. Qxd4 Bc5 13. Qh4 Qe7 14. Bg5
h6 15. e4 Rg8 16. Bxf6 Qxf6 17. Qh5 g5 18. Rd2 g4 19. e5 Qg7 20. Rad1 Bxf3
21. Bxf3 Nxe5 22. Bb7 Rb8 23. Bg2 Qg5 24. Qxg5 hxg5 25. Ne4 Ke7 26. Re2 f6
27. Rc1 Rbc8 28. Rec2 Nd3 29. Rd1 Nb4 30. Rcd2 Rc7 31. Nxc5 bxc5 32. Rc1
Rd8 33. Re2 Nd3 34. Rc4 Ne5 35. Rce4 Rd1+ 36. Re1 Rcd7 37. h3 gxh3 38. Bh1
g4 39. Kf1 R7d2 40. b3 Rxe1+ 41. Kxe1 Nd3+ 0-1

[Event "American Continental"]
[Site "Buenos Aires ARG"]
[Date "2005.08.08"]
[Round "3"]
[White "Morinongeli,M"]
[Black "Demaria,J"]
[Result "1/2-1/2"]
[WhiteElo "2119"]
[BlackElo "2272"]
[EventDate "2005.08.06"]

1. Nf3 c5 2. c4 Nc6 3. Nc3 e5 4. g3 g6 5. Bg2 Bg7 6. O-O Nge7 7. Ne1 O-O 8.
Nc2 Rb8 9. Rb1 d6 10. b4 Be6 11. d3 b6 12. b5 Nd4 13. Ne3 Qd7 14. Ned5 Nxd5
15. Nxd5 Bh3 16. Bxh3 Qxh3 17. Be3 Ne6 18. Qd2 f5 19. f4 Rbe8 20. Rbe1 h6
21. Bf2 g5 22. e3 Kh7 23. Kh1 Rg8 24. a4 h5 25. Rg1 Ref8 26. Ref1 Bh6 27.
fxe5 dxe5 28. Be1 f4 29. Qg2 Qxg2+ 30. Kxg2 g4 31. exf4 exf4 32. gxf4 Nxf4+
33. Nxf4 Bxf4 34. Bg3 Bxg3 35. hxg3 Kg6 36. Re1 Rf6 37. Rgf1 Rd8 38. Re7
Rxf1 39. Kxf1 Rxd3 40. Kg2 Rd2+ 41. Kg1 Kf5 42. Rxa7 Ke4 43. a5 bxa5 44. b6
Rb2 45. Rxa5 Rxb6 46. Rxc5 Rb1+ 47. Kg2 Rb2+ 48. Kg1 Kf3 49. Rxh5 Kxg3 50.
Rb5 Rg2+ 51. Kh1 Rc2 52. Rb3+ Kf2 1/2-1/2

[Event "American Continental"]
[Site "Buenos Aires ARG"]
[Date "2005.08.08"]
[Round "3"]
[White "Negri,Sa"]
[Black "Minaya,J"]
[Result "0-1"]
[WhiteElo "2104"]
[BlackElo "2255"]
[EventDate "2005.08.06"]

1. e4 c5 2. c3 e6 3. Nf3 d5 4. exd5 Qxd5 5. d4 Nf6 6. Be3 cxd4 7. cxd4 Be7
8. Nc3 Qd8 9. Bd3 O-O 10. O-O b6 11. Qc2 Bb7 12. a3 Nc6 13. Rad1 Rc8 14.
Rfe1 g6 15. Qe2 Qc7 16. Bb1 Rfd8 17. Ba2 Na5 18. Bg5 Nd5 19. Nb5 Qd7 20.
Bxe7 Qxe7 21. Nxa7 Ra8 22. Nb5 Nf4 23. Qe5 Bxf3 24. gxf3 Qh4 25. Re4 Nh3+
26. Kg2 Qxf2+ 27. Kxh3 Qxf3+ 28. Kh4 Nc6 29. Qf4 Qxd1 30. Nc7 Ra5 31. d5
Ne7 32. b4 Nf5+ 33. Kg5 f6+ 34. Kxf6 Rf8+ 35. Kxe6 Ng7+ 36. Ke7 Rxf4 37.
d6+ Kh8 38. Rxf4 Re5+ 39. Ne6 Nf5+ 40. Rxf5 Rxf5 41. d7 Rf7+ 42. Kxf7 Qxd7+
43. Kf6 Qd3 44. h4 Qf3+ 45. Ke7 Qxa3 46. Bd5 Qxb4+ 0-1

[Event "American Continental"]
[Site "Buenos Aires ARG"]
[Date "2005.08.08"]
[Round "3"]
[White "Benko,F"]
[Black "Orsini,A"]
[Result "0-1"]
[WhiteElo "2090"]
[BlackElo "2233"]
[EventDate "2005.08.06"]

1. d4 d5 2. Nf3 c6 3. Bf4 Qb6 4. Qc1 Bf5 5. Nc3 e6 6. e3 Bb4 7. Bd3 Nf6 8.
O-O O-O 9. Bxf5 exf5 10. Ne2 Qd8 11. c3 Bd6 12. Qc2 Ne4 13. Bxd6 Nxd6 14.
Ne5 Re8 15. Ng3 g6 16. b3 Nd7 17. Nxd7 Qxd7 18. Rfe1 b5 19. Nf1 a5 20. a4
Rab8 21. Nd2 Ne4 22. Nxe4 fxe4 23. Reb1 Qe6 24. h3 Rb7 25. Ra2 Reb8 26.
Rab2 f5 27. Qd2 g5 28. g3 Rf8 29. Kh2 Rf6 30. axb5 Rh6 31. Rg1 cxb5 32. Qd1
Rf7 33. f4 0-1

[Event "American Continental"]
[Site "Buenos Aires ARG"]
[Date "2005.08.08"]
[Round "3"]
[White "Daneri,M"]
[Black "Duje,R"]
[Result "0-1"]
[WhiteElo "2220"]
[BlackElo "2146"]
[EventDate "2005.08.06"]

1. e4 c5 2. Nf3 d6 3. d4 cxd4 4. Qxd4 Nc6 5. Bb5 Bd7 6. Bxc6 Bxc6 7. Nc3
Nf6 8. Bg5 e6 9. O-O-O Be7 10. Rhe1 O-O 11. Kb1 Qa5 12. Qd2 Qc5 13. Nd4
Rfc8 14. f3 b5 15. Be3 b4 16. Nce2 Qa5 17. g4 Rab8 18. Rg1 Nd7 19. g5 Ne5
20. b3 Qc7 21. h4 a5 22. h5 a4 23. g6 hxg6 24. hxg6 Bf6 25. gxf7+ Kxf7 26.
Nxc6 Nxf3 27. Qxd6 Nxg1 28. Qxc7+ Rxc7 29. Nxb8 Nxe2 30. Rf1 Nc3+ 31. Kc1
Nxa2+ 32. Kd2 axb3 33. cxb3 Ke8 34. Na6 Rc6 35. Nc5 Nc3 36. Kd3 Be7 37. Nb7
Rc7 38. Na5 Rd7+ 39. Kc2 Nxe4 40. Rf4 Nf6 41. Rc4 Nd5 42. Bd2 e5 43. Rg4
Kf7 44. Nc4 Kf6 45. Rg6+ Kxg6 46. Nxe5+ Kf5 47. Nxd7 g5 48. Kd3 g4 49. Be1
Bd6 50. Kd4 Nf4 51. Kc4 Ke6 52. Nb6 Ke5 53. Nc8 Bf8 54. Na7 Ke4 55. Nc6 Nd3
56. Bg3 Kf3 57. Bh4 Ke3 58. Bg3 Ke4 59. Bh2 Bc5 60. Bg3 Bf2 61. Bh2 Be1 62.
Kb5 Kd5 63. Ne7+ Kd4 64. Nc6+ Kc3 65. Na5 g3 66. Bxg3 Bxg3 67. Nc6 Kxb3 68.
Nxb4 Nxb4 69. Kc5 0-1